Toulouse FC - Tous les joueurs (2010-2020) - Statistiques

Statistiques générales
  • Ce quiz a été pris 66 fois
  • Le résultat moyen est 24 sur 124
Statistiques - réponses
Saisons Nationalité Joueur Nb de matchs % Correct
2010-2016 France Wissam Ben Yedder 156
86%
2015-2018 France Alban Lafont 98
73%
2010-2011 France André-Pierre Gignac 1
71%
2013-2017 Danemark Martin Braithwaite 136
69%
2012-2013 France Adrien Rabiot 13
59%
2010-2013 France Moussa Sissoko 90
59%
2018-2020 France Manu Koné 14
57%
2015-2018 France Issa Diop 85
55%
2017-2020 Côte d'Ivoire Max Gradel 86
55%
2012-2015, 2016-2020 Guinée Issiaga Sylla 152
51%
2014-2019 France Yann Bodiger 80
51%
2019-2020 Maroc Amine Adli 4
49%
2010-2013 France Etienne Capoue 104
49%
2016-2019 Suède Jimmy Durmaz 83
49%
2010-2016 Comores Ali Ahamada 133
47%
2010-2016 France Etienne Didot 172
45%
2016-2018 Suède Ola Toivonen 58
45%
2013-2017 Argentine Oscar Trejo 126
45%
2010-2016 Maroc Adrien Regattin 139
43%
2011-2014 Côte d'Ivoire Serge Aurier 72
39%
2016-2018 Algérie Andy Delort 47
37%
2011-2014 Tunisie Aymen Abdennour 77
37%
2019-2020 Mali Moussa Diarra 1
37%
2010-2017 France Pantxi Sirieix 90
37%
2018-2020 France Bafodé Diakité 25
35%
2016-2019 France Christopher Jullien 99
35%
2010-2011 Guinée Fodé Mansaré 25
35%
2017-2020 France Yaya Sanogo 63
35%
2010-2012 France Daniel Congré 74
31%
2013-2019 Suisse François Moubandjé 134
31%
2011-2017 Côte d'Ivoire Jean-Daniel Akpa Akpro 121
31%
2018-2020 France Nathan Ngoumou 2
31%
2015-2019 France Alexis Blin 82
27%
2016-2020 Côte d'Ivoire Ibrahim Sangaré 78
27%
2011-2017 Serbie Pavle Ninkov 109
27%
2016-2020 France Corentin Jean 69
24%
2015-2017, 2018-2020 Uruguay Mauro Goicoechea 21
24%
2012-2018 Burkina Faso Steeve Yago 123
24%
2018-2020 France Baptiste Reynet 54
22%
2010-2013 Norvège Daniel Braaten 95
22%
2019-2020 France Janis Antiste 1
22%
2018-2019 France Jean-Clair Todibo 10
22%
2018-2020 France Kalidou Sidibé 24
22%
2010-2012 Portugal Paulo Machado 57
22%
2014-2016, 2017-2018 France Zinédine Machach 21
22%
2014-2015 France Zacharie Boucher 32
20%
2019-2020 Grèce Efthymis Koulouris 24
18%
2014-2016 RD Congo Marcel Tisserand 54
18%
2010-2011 Argentine Mauro Cetto 25
18%
2016-2020 France Kelvin Amian 110
16%
2018-2020 Togo Matthieu Dossevi 61
16%
2011-2012 Turquie Umut Bulut 31
16%
2013-2015 Colombie Abel Aguilar 49
14%
2013-2014 France Clément Chantôme 27
14%
2019-2020 Japon Gen Shoji 19
14%
2010-2012 Mali Mohamed Fofana 27
14%
2018-2020 France Steven Moreira 27
14%
2014-2017 Mali Tongo Doumbia 59
14%
2018-2020 Belgique Aaron Leya Iseka 50
12%
2014-2016 Serbie Aleksandar Pesic 57
12%
2016-2019 France Clément Michelin 16
12%
2017-2018 RD Congo Giannelli Imbula 28
12%
2015-2016 Cameroun Jean-Armel Kana-Biyik 28
12%
2018-2019 Espagne Manu Garcia 31
12%
2019-2020 Norvège Ruben Gabrielsen 8
12%
2015-2018 Brésil Somalia 84
12%
2019-2020 France Wesley Saïd 23
12%
2019-2020 France William Vainqueur 21
12%
2017-2019 France Yannick Cahuzac 43
12%
2010-2014 Sénégal Cheikh M'Bengue 86
10%
2011-2013 France Emmanuel Rivière 44
10%
2010-2013 France Franck Tabanou 100
10%
2012-2014 France Jonathan Zebina 37
10%
2013-2016 Serbie Uros Spajic 63
10%
2019-2020 Uruguay Agustin Rogel 10
8%
2014-2015 Roumanie Dragos Grigore 27
8%
2013-2014 Israël Eden Ben Basat 32
8%
2016-2017 France Jessy Pi 16
8%
2018-2019 Angleterre John Bostock 16
8%
2010-2011 France Marc Vidal 2
8%
2016-2017 France Odsonne Edouard 16
8%
2017-2018, 2019-2020 France Quentin Boisgard 27
8%
2019-2020 France Adil Taoui 2
6%
2016-2017 Belgique Dodi Lukebakio 5
6%
2013-2015, 2016-2017 Serbie Dusan Veskovac 27
6%
2010-2011 Paraguay Federico Santander 23
6%
2017-2019 RD Congo Firmin Mubele 26
6%
2019-2020 Croatie Lovre Kalinic 4
6%
2016-2017 France Mathieu Cafaro 4
6%
2013-2014 Roumanie Mihai Roman 5
6%
2010-2011 Danemark Soren Larsen 2
6%
2014-2016 Brésil William Matheus 24
6%
2010-2012 France Xavier Pentecôte 8
6%
2012-2013 Maroc Adil Hermach 10
4%
2013-2014 Pologne Dominik Furman 5
4%
2019-2020 France Jean-Victor Makengo 19
4%
2019-2020 France Mathieu Gonçalves 4
4%
2012-2013 France Olivier Blondel 4
4%
2014-2016 Maroc Youssef Ben Ali 4
4%
2010-2011 Uruguay Adrian Gunino 29
2%
2010-2012 France Ahmed Soukouna 3
2%
2011-2012 France Amadou Soukouna 2
2%
2010-2012 France Antoine Devaux 50
2%
2017-2018 Maroc Driss Khalid 1
2%
2013-2014 France Driss Trichard 1
2%
2011-2013 Portugal Kévin Rodrigues 2
2%
2010-2011 France Mathieu Valverde 29
2%
2014-2015 Algérie Maxime Spano 3
2%
2011-2012 France Mickaël Firmin 7
2%
2019-2020 France Nicolas Isimat-Mirin 14
2%
2018-2019 Cameroun Stéphane Mbia 5
2%
2017-2019 Cap-Vert Steven Fortès 5
2%
2012-2013 Portugal Yannick Djalo 17
2%
2016-2017 Gabon Yrondu Musavu-King 3
2%
2013-2014 France Dany Maury 1
0%
2010-2011 Cameroun Dany Nounkeu 1
0%
2018-2019 France Hakim El Mokeddem 2
0%
2011-2012 France Hendrick Cakin 1
0%
2013-2014 Algérie Ilias Hassani 1
0%
2013-2014 France Mehdi Fennouche 2
0%
2016-2017 France Quentin Depehi 1
0%
2014-2015 France Sami Larabi 1
0%
2011-2012 Bénin Yannick Aguemon 2
0%
2010-2011 France Yannis Tafer 16
0%
Aucun quiz correspondant
Distribution des résultats
% des personnes avec chaque résultat
Percentile par nombre de réponses
Votre historique - résultats
Vous n’avez pas pris ce quiz